Relativity : The Special and the General theory

Saved in:
Bibliographic Details
Main Author: Einstein, Albert
Format: Book
Language:Undetermined
Published: New York Crown Publishing ,Inc 1988
Subjects:
Tags: Add Tag
No Tags, Be the first to tag this record!
Institutions: Trung tâm Học liệu Trường Đại học Cần Thơ
LEADER 00512nam a2200193Ia 4500
001 CTU_80119
008 210402s9999 xx 000 0 und d
082 |a 530.1 
082 |b E35 
100 |a Einstein, Albert 
245 0 |a Relativity : 
245 4 |b The Special and the General theory 
245 0 |c Albert Einstein 
260 |a New York 
260 |b Crown Publishing ,Inc 
260 |c 1988 
650 |a Relativity 
904 |i Trọng Hải 
980 |a Trung tâm Học liệu Trường Đại học Cần Thơ